000 00393 a2200157 4500
003 Nust
005 20170207153550.0
040 _cNust
082 _a005.1
100 _aMahmood, Abid MSCS
245 _aUrdu E-Mail software text editor with graphical user interface
_cAbid Mahmood, MSCS
260 _bMCS
_cApril 2000
300 _aviii, 77 p
538 _aT1 and Shelf No 5
650 _aMSCS Thesis
942 _cTHS
999 _c188838
_d188838